[Event "Pardubice Czech op-E 35th"]
[White "Liedtke, Matthias"]
[Black "Kratochvilova, Magdalena"]
[Site "Pardubice"]
[Round "1.4"]
[Result "1-0"]
[Date "2024.07.11"]
[WhiteElo "2237"]
[BlackElo "1724"]
[PlyCount "71"]
[EventDate "2024.07.11"]
[EventType "team-swiss"]
[EventRounds "7"]
[EventCountry "CZE"]
[SourceTitle "CBM 221 Extra"]
[Source "ChessBase"]
[SourceDate "2024.09.30"]
[SourceVersion "1"]
[SourceVersionDate "2024.09.30"]
[SourceQuality "1"]
[WhiteTeam "Leipzig SG"]
[BlackTeam "Czech Inn Chess"]
[WhiteTeamCountry "GER"]
[BlackTeamCountry "CZE"]

1. e4 c5 2. c3 d5 3. exd5 Qxd5 4. d4 Nc6 5. Nf3 Bg4 6. Be2 Nf6 7. h3 Bh5 8. 0-0 e6 9. Be3 cxd4 10. cxd4 Be7 11. Nc3 Qd6 12. Qb3 Qb4 13. g4 Qxb3 14. axb3 Bg6 15. Ne5 0-0 16. Bf3 Bc2 17. Nxc6 bxc6 18. Bxc6 Rab8 19. Rxa7 Bb4 20. g5 Bxc3 21. gxf6 Bxb2 22. Ra2 Rxb3 23. Ba4 Rc3 24. Bxc2 Rxc2 25. Rb1 gxf6 26. Raxb2 Rcc8 27. Kh2 h5 28. Rg1+ Kh7 29. Rb5 f5 30. Rb7 Rc2 31. Rg2 Re2 32. Bf4 Kh8 33. Bd6 Rc8 34. Be5+ Kh7 35. Rxf7+ Kh6 36. Bf4# 1-0

[Event "Oberliga Ost-A 2324"]
[White "Schindler, Christian"]
[Black "Liedtke, Matthias"]
[Site "Germany"]
[Round "6.8"]
[Result "1/2-1/2"]
[Date "2024.02.24"]
[WhiteElo "2142"]
[BlackElo "2239"]
[PlyCount "44"]
[EventDate "2023.10.22"]
[EventType "team-tourn"]
[EventRounds "11"]
[EventCountry "GER"]
[SourceTitle "EXT 2025"]
[Source "ChessBase"]
[SourceDate "2024.10.14"]
[SourceVersion "1"]
[SourceVersionDate "2024.10.14"]
[SourceQuality "1"]
[WhiteTeam "Loeberitz"]
[BlackTeam "Leipzig SG"]
[WhiteTeamCountry "GER"]
[BlackTeamCountry "GER"]

1. d4 Nf6 2. Nf3 g6 3. c4 Bg7 4. Nc3 0-0 5. e4 d6 6. Be2 e5 7. dxe5 dxe5 8. Qxd8 Rxd8 9. Bg5 Re8 10. Nd5 Nxd5 11. cxd5 c6 12. Bc4 b5 13. Bb3 a5 14. dxc6 Nxc6 15. 0-0 Bg4 16. Bd5 Rac8 17. h3 Bxf3 18. gxf3 Nd4 19. Kg2 Rc2 20. Rac1 Rec8 21. Rxc2 Rxc2 22. Rc1 Rxc1 1/2-1/2

[Event "BL2-Ost 2223"]
[White "Liedtke, Matthias"]
[Black "Hiermann, Dietmar"]
[Site "Germany"]
[Round "8.8"]
[Result "1/2-1/2"]
[Date "2023.02.26"]
[WhiteElo "2252"]
[BlackElo "2158"]
[PlyCount "34"]
[EventDate "2022.10.22"]
[EventType "team-tourn"]
[EventRounds "10"]
[EventCountry "GER"]
[SourceTitle "EXT 2024"]
[Source "ChessBase"]
[SourceDate "2023.10.10"]
[SourceVersion "1"]
[SourceVersionDate "2023.10.10"]
[SourceQuality "1"]
[WhiteTeam "Leipzig SG"]
[BlackTeam "Passau"]
[WhiteTeamCountry "GER"]
[BlackTeamCountry "GER"]

1. e4 e5 2. Nf3 Nc6 3. Bc4 Bc5 4. c3 Nf6 5. d3 d6 6. a4 a6 7. 0-0 h6 8. Nbd2 0-0 9. b4 Ba7 10. h3 Ne7 11. Re1 Ng6 12. Nf1 c6 13. Ng3 Re8 14. Bb3 d5 15. Ra2 a5 16. Rae2 axb4 17. cxb4 d4 1/2-1/2

[Event "BL2-Ost 2223"]
[White "Kleibel, Uwe"]
[Black "Liedtke, Matthias"]
[Site "Germany"]
[Round "7.8"]
[Result "1-0"]
[Date "2023.02.25"]
[WhiteElo "2238"]
[BlackElo "2252"]
[PlyCount "57"]
[EventDate "2022.10.22"]
[EventType "team-tourn"]
[EventRounds "10"]
[EventCountry "GER"]
[SourceTitle "EXT 2024"]
[Source "ChessBase"]
[SourceDate "2023.10.10"]
[SourceVersion "1"]
[SourceVersionDate "2023.10.10"]
[SourceQuality "1"]
[WhiteTeam "Regensburg Bavaria"]
[BlackTeam "Leipzig SG"]
[WhiteTeamCountry "GER"]
[BlackTeamCountry "GER"]

1. d4 Nf6 2. Nf3 g6 3. Bg5 Bg7 4. Nbd2 d5 5. c3 0-0 6. e3 b6 7. Be2 c5 8. h3 Nc6 9. 0-0 Be6 10. Bf4 h6 11. Qa4 Bd7 12. Qa3 cxd4 13. cxd4 Ne4 14. Nxe4 dxe4 15. Nd2 f5 16. Rfd1 Qe8 17. Rac1 Kh7 18. b4 e5 19. dxe5 Nxe5 20. Rc7 Rf7 21. Rdc1 Be6 22. Nb3 Rd7 23. Bb5 Rxc7 24. Bxe8 Rxc1+ 25. Qxc1 Rxe8 26. Qc7 Nd3 27. Bd6 Rc8 28. Qb7 Rd8 29. Qe7 1-0

[Event "GER-ch Net Amateur Gr-A Final"]
[White "Gutheil, Heinrich"]
[Black "Liedtke, Matthias"]
[Site "Playchess.com INT"]
[Round "13"]
[Result "1-0"]
[Date "2020.04.18"]
[WhiteElo "2184"]
[BlackElo "2037"]
[PlyCount "65"]
[EventDate "2020.04.18"]
[EventType "swiss (blitz)"]
[EventRounds "13"]
[EventCountry "GER"]
[SourceTitle "CBM 195 Extra"]
[Source "ChessBase"]
[SourceDate "2020.05.31"]
[SourceVersion "1"]
[SourceVersionDate "2020.05.31"]
[SourceQuality "1"]

1. e4 e6 2. d4 d5 3. exd5 exd5 4. c4 Nf6 5. h3 Bb4+ 6. Nc3 0-0 7. Nf3 c5 8. Bd3 Re8+ 9. Be3 cxd4 10. Nxd4 dxc4 11. Bxc4 Qc7 12. Qb3 Rxe3+ 13. fxe3 Qg3+ 14. Kf1 Bxc3 15. Qxc3 Ne4 16. Qe1 Qe5 17. Nf3 Qxb2 18. Rd1 Nc6 19. Bd5 Nc3 20. Bxc6 Be6 21. Qd2 Nxd1 22. Qxb2 Nxb2 23. Bxb7 Rb8 24. Be4 Nc4 25. Ke2 Rb2+ 26. Kd3 Nd6 27. Bc6 Rxa2 28. Nd4 Bc4+ 29. Kc3 Rf2 30. Ra1 a6 31. Rb1 g6 32. Rb8+ Kg7 33. Rd8 1-0

[Event "GER-ch Net Amateur Gr-A Vor3"]
[White "Gutheil, Heinrich"]
[Black "Liedtke, Matthias"]
[Site "Playchess.com INT"]
[Round "3"]
[Result "1/2-1/2"]
[Date "2020.04.16"]
[WhiteElo "2166"]
[BlackElo "2023"]
[PlyCount "116"]
[EventDate "2020.04.16"]
[EventType "swiss (blitz)"]
[EventRounds "9"]
[EventCountry "GER"]
[SourceTitle "CBM 195 Extra"]
[Source "ChessBase"]
[SourceDate "2020.05.31"]
[SourceVersion "1"]
[SourceVersionDate "2020.05.31"]
[SourceQuality "1"]

1. e4 e6 2. d4 d5 3. exd5 exd5 4. c4 Nf6 5. h3 Bb4+ 6. Nc3 0-0 7. Nf3 Ne4 8. Qc2 Bf5 9. Bd3 Nxc3 10. bxc3 Re8+ 11. Be3 Bxd3 12. Qxd3 Bf8 13. cxd5 Qxd5 14. 0-0 Nc6 15. Rab1 b6 16. Rb5 Qe4 17. Qd2 Rad8 18. Bg5 f6 19. Bf4 a6 20. Rbb1 Qe7 21. Qd3 a5 22. Qc4+ Qe6 23. Qxe6+ Rxe6 24. Bxc7 Rc8 25. Bxb6 Re2 26. d5 Ne5 27. Nxe5 Rxe5 28. Bxa5 Rxd5 29. Rfd1 Rxa5 30. Rd2 Ra3 31. c4 Rc3 32. a4 R3xc4 33. a5 Rc1+ 34. Rxc1 Rxc1+ 35. Kh2 Ra1 36. Rd5 Ra3 37. g3 Kf7 38. h4 Bb4 39. Rb5 Bxa5 40. h5 Bc7 41. Rb7 Rc3 42. Kh3 g6 43. hxg6+ hxg6 44. f4 Ke6 45. Kg4 f5+ 46. Kh3 Bxf4 47. Rb6+ Bd6 48. Kh4 Rd3 49. Ra6 Kf6 50. g4 f4 51. g5+ Kf5 52. Ra5+ Be5 53. Ra4 f3 54. Ra2 Rd4+ 55. Kh3 Rg4 56. Rf2 Rg3+ 57. Kh4 Kf4 58. Rxf3+ Rxf3 1/2-1/2

[Event "Pardubice Czech op-E 30th"]
[White "Liedtke, Matthias"]
[Black "Potapov, Alexander1"]
[Site "Pardubice"]
[Round "3.2"]
[Result "0-1"]
[Date "2019.07.12"]
[WhiteElo "2273"]
[BlackElo "2409"]
[PlyCount "66"]
[EventDate "2019.07.11"]
[EventType "team-swiss"]
[EventRounds "7"]
[EventCountry "CZE"]
[SourceTitle "EXT 2020"]
[Source "ChessBase"]
[SourceDate "2019.10.17"]
[SourceVersion "1"]
[SourceVersionDate "2019.10.17"]
[SourceQuality "1"]
[WhiteTeam "Leipzig SG"]
[BlackTeam "Yamal"]
[WhiteTeamCountry "GER"]
[BlackTeamCountry "RUS"]

1. e4 e5 2. Nf3 Nc6 3. Bc4 Bc5 4. c3 Nf6 5. d3 0-0 6. Bb3 d5 7. Qe2 a5 8. a4 h6 9. h3 Be6 10. Bc2 Re8 11. Nbd2 Nd7 12. 0-0 Nf8 13. exd5 Bxd5 14. Ne4 Ba7 15. Be3 Ng6 16. Bxa7 Rxa7 17. Rfe1 Ra8 18. Rad1 f5 19. Ned2 Nf4 20. Qe3 Qd6 21. Bb3 Bxb3 22. Nxb3 Rad8 23. Nc5 Qg6 24. Nh4 Qf6 25. Nf3 b6 26. Nb3 Qg6 27. Nh4 Qg5 28. Qf3 e4 29. dxe4 Ne5 30. Qe3 Ned3 31. Rf1 Rxe4 32. Qf3 Qxh4 33. g3 Qxh3 0-1

[Event "Pardubice Czech op-E 29th"]
[White "Liedtke, Matthias"]
[Black "Gibiec, Ernest"]
[Site "Pardubice"]
[Round "7"]
[Result "0-1"]
[Date "2018.07.15"]
[WhiteElo "2282"]
[BlackElo "2175"]
[PlyCount "80"]
[EventDate "2018.07.12"]
[EventType "team"]
[EventRounds "7"]
[EventCountry "CZE"]
[SourceTitle "EXT 2019"]
[Source "ChessBase"]
[SourceDate "2018.10.10"]
[SourceVersion "1"]
[SourceVersionDate "2018.10.10"]
[SourceQuality "1"]
[WhiteTeam "Leipzig Schachgemeinschaft"]
[BlackTeam "Cesky Tesin Slavoj"]
[WhiteTeamCountry "GER"]
[BlackTeamCountry "CZE"]

1. e4 d6 2. d4 Nf6 3. Bd3 Nc6 4. c3 g6 5. Nf3 Bg7 6. 0-0 0-0 7. d5 Ne5 8. Nxe5 dxe5 9. Re1 e6 10. c4 exd5 11. cxd5 Ne8 12. Nc3 f5 13. Be3 f4 14. Bc5 Nd6 15. f3 Rf7 16. Rc1 Bf8 17. Bf2 g5 18. Nb5 Nxb5 19. Bxb5 Bd6 20. Bc5 h5 21. Be2 Qf6 22. Rc3 Rg7 23. Bxd6 cxd6 24. Qc2 Bd7 25. Rc7 g4 26. Rxb7 Qh4 27. Rc1 Kh8 28. Qc7 Rag8 29. Rb8 g3 30. Rxg8+ Kxg8 31. h3 Bxh3 32. Qxd6 Bg4 33. Bd1 Qh2+ 34. Kf1 Qh1+ 35. Ke2 Qxg2+ 36. Kd3 Qf1+ 37. Kc2 Bd7 38. Qb8+ Kh7 39. Qxe5 g2 40. Kb1 Qh1 0-1

[Event "Oberliga Ost-A 1617"]
[White "Pallas, Sebastian"]
[Black "Liedtke, Matthias"]
[Site "Germany"]
[Round "10.5"]
[Result "1/2-1/2"]
[Date "2017.05.06"]
[WhiteElo "2225"]
[BlackElo "2261"]
[PlyCount "78"]
[EventDate "2016.10.16"]
[EventType "team-tourn"]
[EventRounds "11"]
[EventCountry "GER"]
[SourceTitle "EXT 2018"]
[Source "ChessBase"]
[SourceDate "2017.10.13"]
[SourceVersion "1"]
[SourceVersionDate "2017.10.13"]
[SourceQuality "1"]
[WhiteTeam "Loeberitz"]
[BlackTeam "Leipzig SG"]
[WhiteTeamCountry "GER"]
[BlackTeamCountry "GER"]

1. e4 e6 2. d4 d5 3. Nd2 Be7 4. c3 c5 5. exd5 Qxd5 6. Ngf3 cxd4 7. Bc4 Qh5 8. Nxd4 Qxd1+ 9. Kxd1 Nf6 10. N2f3 0-0 11. Re1 a6 12. Bb3 Bd6 13. Bg5 Ng4 14. h3 h6 15. Bh4 Nf6 16. Kc2 g5 17. Bg3 Bxg3 18. fxg3 Nbd7 19. Rad1 Nc5 20. Ne5 Bd7 21. Rf1 Kg7 22. Rf3 Be8 23. Rdf1 Nfd7 24. Re3 Nxe5 25. Rxe5 Rc8 26. h4 gxh4 27. gxh4 Bc6 28. Re3 Be4+ 29. Kc1 e5 30. Nf5+ Bxf5 31. Rxf5 Nxb3+ 32. axb3 f6 33. g4 Rc6 34. Rd3 Rf7 35. Kd2 Rb6 36. Kc2 Re6 37. Kd2 Rb6 38. Kc2 Re6 39. Kd2 Rb6 1/2-1/2

[Event "Oberliga Ost-A 1617"]
[White "Liedtke, Matthias"]
[Black "Roseneck, Jonas"]
[Site "Germany"]
[Round "5.7"]
[Result "0-1"]
[Date "2017.01.15"]
[WhiteElo "2261"]
[BlackElo "2011"]
[PlyCount "130"]
[EventDate "2016.10.16"]
[EventType "team-tourn"]
[EventRounds "11"]
[EventCountry "GER"]
[SourceTitle "EXT 2018"]
[Source "ChessBase"]
[SourceDate "2017.10.13"]
[SourceVersion "1"]
[SourceVersionDate "2017.10.13"]
[SourceQuality "1"]
[WhiteTeam "Leipzig SG"]
[BlackTeam "Magdeburg Aufbau Elbe"]
[WhiteTeamCountry "GER"]
[BlackTeamCountry "GER"]

1. e4 c5 2. Nc3 d6 3. g3 Nc6 4. Bg2 g6 5. d3 Bg7 6. Nh3 e6 7. 0-0 Nge7 8. Be3 0-0 9. Qd2 b6 10. Bh6 d5 11. Bxg7 Kxg7 12. exd5 exd5 13. Rfe1 Bf5 14. Nf4 d4 15. Ncd5 Nxd5 16. Nxd5 Qd6 17. h3 Bxh3 18. Bxh3 Qxd5 19. Bg2 Qd6 20. Re2 Rae8 21. Rae1 Rxe2 22. Qxe2 Rc8 23. Qg4 Rd8 24. a3 Ne7 25. b3 Ng8 26. a4 Nf6 27. Qf3 Rd7 28. Qe2 Kf8 29. Qf3 Re7 30. Rxe7 Qxe7 31. Kf1 Kg7 32. Qf4 Qe6 33. Qc7 Qg4 34. Ke1 Qg5 35. Bf3 Qf5 36. Ke2 Qd7 37. Qf4 h5 38. Kf1 Qe6 39. Qc7 Qd7 40. Qf4 Qe7 41. Kg2 Nh7 42. Be4 Ng5 43. Bd5 Qd8 44. Bc6 Ne6 45. Qe4 Qd6 46. Bb5 Nc7 47. Qb7 Qd5+ 48. Qxd5 Nxd5 49. Kf3 Nb4 50. Ke4 Kf6 51. f4 Ke6 52. Bc4+ Ke7 53. Ke5 Nxc2 54. a5 Nb4 55. a6 f6+ 56. Ke4 Nc2 57. Kd5 Nb4+ 58. Ke4 Kf8 59. Bb5 Kf7 60. Bc4+ Ke7 61. Bb5 Na2 62. Bc6 Nc3+ 63. Kf3 g5 64. Kg2 gxf4 65. gxf4 Ne2 0-1

[Event "CZE-chT rap"]
[White "Liedtke, Matthias"]
[Black "Svoboda, Vaclav1"]
[Site "Pardubice"]
[Round "5.2"]
[Result "1/2-1/2"]
[Date "2016.07.16"]
[WhiteElo "2261"]
[BlackElo "2416"]
[PlyCount "39"]
[EventDate "2016.07.14"]
[EventType "team-swiss"]
[EventRounds "7"]
[EventCountry "CZE"]
[SourceTitle "EXT 2017"]
[Source "ChessBase"]
[SourceDate "2016.10.25"]
[SourceVersion "1"]
[SourceVersionDate "2016.10.25"]
[SourceQuality "1"]
[WhiteTeam "Leipzig SG"]
[BlackTeam "Lysa nad Labem Joly"]
[WhiteTeamCountry "GER"]
[BlackTeamCountry "CZE"]

1. e4 c5 2. Nc3 Nc6 3. g3 g6 4. Bg2 Bg7 5. d3 d6 6. Nh3 e6 7. 0-0 Nge7 8. Be3 0-0 9. Qd2 Rb8 10. Bh6 b5 11. Bxg7 Kxg7 12. a3 d5 13. f4 f6 14. Rae1 b4 15. axb4 cxb4 16. Nd1 Nd4 17. Ne3 f5 18. c3 bxc3 19. bxc3 Nec6 20. exf5 1/2-1/2

[Event "BL2-Ost 1516"]
[White "Gasthofer, Alexander"]
[Black "Liedtke, Matthias"]
[Site "Germany"]
[Round "9.5"]
[Result "1-0"]
[Date "2016.02.20"]
[WhiteElo "2444"]
[BlackElo "2257"]
[PlyCount "149"]
[EventDate "2015.09.20"]
[EventType "team-tourn"]
[EventRounds "9"]
[EventCountry "GER"]
[SourceTitle "CBM 171 Extra"]
[Source "ChessBase"]
[SourceDate "2016.04.26"]
[SourceVersion "1"]
[SourceVersionDate "2016.04.26"]
[SourceQuality "1"]
[WhiteTeam "Bad Mergentheim"]
[BlackTeam "Leipzig SG"]
[WhiteTeamCountry "GER"]
[BlackTeamCountry "GER"]

1. e4 e6 2. Nf3 d5 3. e5 Bd7 4. c3 c5 5. Na3 Nc6 6. Nc2 Nge7 7. d4 cxd4 8. cxd4 Nf5 9. Bd3 Be7 10. 0-0 a5 11. g4 Nh4 12. Nxh4 Bxh4 13. f4 Be7 14. Qf3 Qb6 15. Be3 0-0-0 16. Rfb1 Kb8 17. b4 a4 18. Bf1 Rc8 19. Ne1 h5 20. g5 f6 21. Nd3 fxg5 22. Nc5 Bxc5 23. bxc5 Qc7 24. Rb6 gxf4 25. Bf2 Nd8 26. Rab1 g5 27. Qa3 h4 28. h3 Bc6 29. Bb5 Qh7 30. Bd3 Qh5 31. Qb4 Rc7 32. Qa5 g4 33. Ra6 Kc8 34. Ra8+ Kd7 35. hxg4 Qxg4+ 36. Kh2 Qf3 37. Qd2 Rg8 38. Rg1 Rxg1 39. Bxg1 Rc8 40. Rxc8 Kxc8 41. Bf2 Nf7 42. Qe2 Qxe2 43. Bxe2 b6 44. Bg4 Nd8 45. cxb6 Bd7 46. a3 Nc6 47. Kh3 Na5 48. Be1 Nb3 49. Bc3 Kb7 50. Kxh4 Kxb6 51. Kg5 Kb5 52. Be2+ Kc6 53. Kxf4 Nc1 54. Bf1 Kb6 55. Kg5 Bb5 56. Bh3 Bd7 57. Kf6 Ne2 58. Bb2 Nf4 59. Bg4 Kb5 60. Bc1 Nd3 61. Be3 Kc4 62. Bxe6 Bc6 63. Ke7 Ne1 64. Kd6 Nc2 65. Kxc6 Nxe3 66. Bh3 Nc2 67. Bf1+ Kc3 68. Kxd5 Nxd4 69. Bh3 Nb5 70. Kc5 Nc7 71. Bd7 Kb3 72. Kd6 Na6 73. Bb5 Kxa3 74. Bxa6 Kb4 75. Bb7 1-0